| 000 | 00457pam a2200157a 44500 | ||
|---|---|---|---|
| 008 | 230515b2003 xxu||||| |||| 00| 0 eng d | ||
| 020 | _aNULL | ||
| 041 | _aENG | ||
| 082 | _aN.D. | ||
| 100 | _aMs sobha Ms Lizy Ms sujita | ||
| 245 | _aAn exploratory study to asses the skills regarding would dressing pratics among Anm Gnm and doctors of bharati & sonawane hospital | ||
| 250 | _a0 | ||
| 260 |
_aNULL _b", , " _c2003 |
||
| 300 | _aNULL | ||
| 650 | _aNULL | ||
| 999 |
_c523337 _d523337 |
||